00325nam a2200133Ia 4500008004100000020001500041041001200056082001100068100001600079245004000095260003300135300000800168650001500176221030s9999 xx 000 0 und d a9380358178 aEnglish a105.23 aN. D. Bhatt 0aEngineering Drawingcby N. D. Bhatt bCharotar Pub.aGujaratc2010 a712 aMechanical